Creed Songs-Sudden Death - Statistics

General Stats
  • This quiz has been taken 146 times
  • The average score is 11 of 20
Answers on the Grid
Answers color-coded by a green-red scale on the quiz's grid according to % correct below.
Higher
Everlong
One Last Breath
Alive
Renegade
My Sacrifice
With Arms Wide Open
Rebel Yell
My Own Prison
What If
Rain
One
Don't Stop Dancing
Black
Walk This Way
Freedom Fighter
Fortnight
Signs
Sirius
Bullets
Hide
Lullaby
Ripped
Weathered
Torn
Ode
Faint
Panama
In America
Unforgiven
What's This Life For
Lithium
 
Answer Stats
Answer % Correct
Higher
99%
One Last Breath
96%
With Arms Wide Open
90%
My Sacrifice
85%
My Own Prison
84%
What If
68%
Weathered
60%
What's This Life For
59%
Torn
58%
One
51%
Bullets
48%
Rain
48%
Hide
44%
Ode
41%
Don't Stop Dancing
39%
Freedom Fighter
36%
Signs
34%
Unforgiven
31%
In America
26%
Lullaby
24%
No matching quizzes found
Score Distribution
Percent of People with Each Score
Percentile by Number Answered
Your Score History
You have not taken this quiz